Vorda vealhstôd Engla and Seaxna. (Record no. 23536)

MARC details
000 -LEADER
fixed length control field 01080cam a22002531 4500
001 - CONTROL NUMBER
control field g 01000684
003 - CONTROL NUMBER IDENTIFIER
control field DLC
005 - DATE AND TIME OF LATEST TRANSACTION
control field 20260227111252.0
008 - FIXED-LENGTH DATA ELEMENTS--GENERAL INFORMATION
fixed length control field 770506s1851 gw d 000 0 lat
010 ## - LIBRARY OF CONGRESS CONTROL NUMBER
LC control number g 01000684
035 ## - SYSTEM CONTROL NUMBER
System control number (OCoLC)2945535
040 ## - CATALOGING SOURCE
Original cataloging agency DLC
Transcribing agency GEU
Modifying agency GEU
-- OCoLC
-- DLC
041 0# - LANGUAGE CODE
Language code of text/sound track or separate title latang
050 00 - LIBRARY OF CONGRESS CALL NUMBER
Classification number PT1371
Item number .B6 Abt. 1 Bd. 29
051 ## - LIBRARY OF CONGRESS COPY, ISSUE, OFFPRINT STATEMENT
Classification number PE281.L5
Item number E7
100 1# - MAIN ENTRY--PERSONAL NAME
Personal name Ettmüller, Ludwig,
Dates associated with a name 1802-1877.
245 10 - TITLE STATEMENT
Title Vorda vealhstôd Engla and Seaxna.
Remainder of title Lexicon anglo-saxonicum ex poëtarum scriptorumque prosaicorum operibus nec non lexicis anglosaxonicis collectum, cum synopsi grammatica
Statement of responsibility, etc. edidit Ludovicus Ettmüllerus ...
260 ## - PUBLICATION, DISTRIBUTION, ETC.
Place of publication, distribution, etc. Quedlinburgii,
-- Lipsiæ,
Name of publisher, distributor, etc. typis et expensis G. Bassii; [etc., etc.]
Date of publication, distribution, etc. 1851.
300 ## - PHYSICAL DESCRIPTION
Extent lxxi, 767, [1] p.
Dimensions 22 cm.
490 0# - SERIES STATEMENT
Series statement Bibliothek der gesammten deutschen national-literatur ...
Volume/sequential designation [1. abth.] 29. Bd.
650 #0 - SUBJECT ADDED ENTRY--TOPICAL TERM
Topical term or geographic name entry element English language
Chronological subdivision Old English, ca. 450-1100
Form subdivision Dictionaries
General subdivision Latin.
650 #0 - SUBJECT ADDED ENTRY--TOPICAL TERM
Topical term or geographic name entry element Latin language
Form subdivision Dictionaries
General subdivision English.
650 #0 - SUBJECT ADDED ENTRY--TOPICAL TERM
Topical term or geographic name entry element English language
Chronological subdivision Old English, ca. 450-1100
General subdivision Grammar.

No items available.

Powered by Koha